ការវិភាគគោលនយោបាយកសិកម្ម agricultural policy analysis (Record no. 8880)
[ view plain ]
| 000 -LEADER | |
|---|---|
| fixed length control field | 00353nam a22001217a 4500 |
| 040 ## - CATALOGING SOURCE | |
| Transcribing agency | HS |
| 082 ## - DEWEY DECIMAL CLASSIFICATION NUMBER | |
| Classification number | 338 |
| 100 ## - MAIN ENTRY--AUTHOR NAME | |
| Personal name | ឆាយ គង្គា |
| 245 ## - TITLE STATEMENT | |
| Title | ការវិភាគគោលនយោបាយកសិកម្ម agricultural policy analysis |
| 260 ## - PUBLICATION, DISTRIBUTION, ETC. (IMPRINT) | |
| Place of publication | RUA |
| Name of publisher | ឆាយ គង្គា |
| Year of publication | 2013 |
| 300 ## - PHYSICAL DESCRIPTION | |
| Number of Pages | 367p; |
| 942 ## - ADDED ENTRY ELEMENTS (KOHA) | |
| Koha item type | សៀវភៅភាសាអង់គ្លេស |
| 952 ## - LOCATION AND ITEM INFORMATION (KOHA) | |
| Withdrawn status [LOCAL, KOHA] | 0 |
| 952 ## - LOCATION AND ITEM INFORMATION (KOHA) | |
| Withdrawn status [LOCAL, KOHA] | 0 |
| Permanent Location | Date acquired | Koha item type | Lost status | Shelving location | Barcode | Current Location | Full call number |
|---|---|---|---|---|---|---|---|
| Library Block C | 2016-08-18 | សៀវភៅភាសាអង់គ្លេស | C064 | RUA043074 | Library Block C | 338 ឆាយ 2013 C064 | |
| Library Block C | 2016-09-15 | សៀវភៅភាសាអង់គ្លេស | C195 | RUA043031 | Library Block C | 338 ឆាយ 2013 C195 |